[Event "FRA-ch Youth U20 2018"]
[Site "Agen"]
[Date "2018.04.22"]
[Round "9"]
[White "Haussernot, Cecile"]
[Black "Retailleau, Elise"]
[Result "1-0"]
[WhiteElo "2165"]
[BlackElo "1932"]
[Annotator "TA"]
[PlyCount "97"]
[EventDate "2018.??.??"]
[EventType "swiss"]
[EventCountry "FRA"]
[SourceTitle "playchess.com"]
[Source "ChessBase"]
[SourceQuality "1"]

{[%evp 10,97,51,24,206,206,202,184,192,196,209,142,184,95,205,201,197,171,217,165,201,66,161,87,137,131,131,-108,0,-16,56,35,50,25,114,126,129,127,112,109,123,116,123,126,124,123,131,141,174,162,166,152,196,189,190,187,223,242,277,189,192,175,187,178,221,187,222,222,225,210,271,270,372,368,389,387,387,380,365,356,4918,4914,29969,29967,2652,1216,29952,11172,29988,29986]} 1. e4 c5 2. Nf3 Nc6 3. Bb5 d6 4. O-O Bd7 5. Re1 a6 (5... Nf6 6. c3 a6 7. Bf1 Bg4 8. h3 Bxf3 9. Qxf3 g6 10. Na3 Bg7 11. Nc2 Nd7 12. Qd1 O-O 13. b3 Rc8 14. d4 cxd4 15. cxd4 Qb6 16. Be3 Nb4 17. Nxb4 Qxb4 {0-1 (60) Fedoseev,V (2724)-Mamedov,R (2709) chess.com INT 2018}) 6. Bc4 {LiveBook: 5 Games. B51: Sicilian: Moscow Variation (3 Bb5+) without 3...Bd7} Bg4 $146 {[#]} (6... e6 $11 {and Black has nothing to worry.}) ({Predecessor:} 6... Nf6 7. c3 Bg4 8. d4 Bxf3 9. gxf3 e5 10. d5 Nb8 11. f4 Nbd7 12. fxe5 Nxe5 13. Bf1 {½-½ (48) Ozen,D (2408)-Magalashvili,D (2522) Ordu 2018}) 7. Bxf7+ $1 $18 {[%mdl 512]} Kxf7 8. Ng5+ {White is clearly better.} Ke8 9. Qxg4 Qc8 10. Qg3 (10. Qh5+ $6 g6 $16) 10... h6 11. Nh3 (11. Nf3 $18) 11... e6 (11... Nf6 $16 {might work better.}) 12. Nf4 (12. Qg6+ $6 Kd7 $16) 12... Nge7 13. a4 Qd7 14. a5 Kd8 15. Nc3 (15. Na3 $18) 15... g5 (15... Nd4 $1 $14) 16. Nh5 (16. Nfe2 $1 $18) 16... Ng6 17. Na4 Qf7 18. Qb3 $2 (18. b4 $16 {stays on course.}) 18... Nd4 ({Black should try} 18... Nge5 $1 $17 {White must now prevent ...Nd4.} 19. c3 Qxh5) 19. Qb6+ $11 Qc7 ({Black should play} 19... Ke8 $11 20. b4 Nh4) 20. b4 {[%cal Bb2b4,Bb4c5][%mdl 32] aiming for bxc5.} Nxc2 21. Bb2 $36 {[%mdl 2048] White fights for an advantage.} e5 {[#]} (21... Rc8 $11) 22. bxc5 $1 $16 Qxb6 23. Nxb6 ({Not} 23. cxb6 Rc8 $15) 23... Rb8 24. Nf6 Ke7 25. Nfd7 Rd8 26. cxd6+ Kxd6 27. Nxf8 Nxf8 28. Nc4+ Ke6 29. Bxe5 Rh7 {[#]} 30. d4 $1 {[%cal Bd2d4,Bd4d5][%mdl 32]} Nxa1 31. d5+ ({Worse is} 31. Rxa1 Ng6 $11) 31... Ke7 {Hoping for ...Nb3.} 32. Rxa1 Nd7 33. Bd6+ Ke8 34. e5 Nxe5 35. Bxe5 {And now d6 would win.} Rxd5 36. g3 Re7 37. f4 Re6 38. Kf2 Rc6 39. Ne3 Rd2+ 40. Kf3 Rxh2 41. Rb1 gxf4 42. gxf4 Ra2 43. Rxb7 Rxa5 44. Nf5 Ra3+ $2 (44... Rac5 45. Nd6+ Kf8) 45. Ke4 $18 Ra5 46. Nd6+ Kf8 47. Rd7 (47. Rf7+ $142 Kg8 48. Rg7+ Kf8 49. Rg6) 47... h5 48. Kf5 {White threatens Kf6 and mate.} Rb6 49. Nc4 {Precision: White = 57%, Black = 19%.} 1-0

[Event "FRA-ch Youth U20 2018"]
[Site "Agen"]
[Date "2018.04.22"]
[Round "9"]
[White "Aubert, Laurane"]
[Black "Azan, Sarah"]
[Result "1-0"]
[WhiteElo "1952"]
[BlackElo "1381"]
[Annotator "NA RC"]
[PlyCount "71"]
[EventDate "2018.??.??"]
[EventType "swiss"]
[EventCountry "FRA"]
[SourceTitle "playchess.com"]
[Source "ChessBase"]
[SourceQuality "1"]
[TimeControl "5400+30"]

{[%evp 24,71,216,32767,32767,200,229,231,32767,32767,218,229,236,229,283,278,312,360,357,360,346,32767,32767,345,32767,274,456,248,32767,364,32767,32767,32767,32767,268,289,302,307,32767,32767,32767,32767,282,307,442,456,479,759,32767,711]} 1. e4 {[%emt 0:00:00]} c6 {[%emt 0:00:10]} 2. d4 {[%emt 0:00:00]} d5 {[%emt 0:00:04]} 3. Nc3 {[%emt 0:00:00]} dxe4 {[%emt 0:00:07]} 4. Nxe4 {[%emt 0:00:00]} Bf5 {[%emt 0:00:06]} 5. Ng3 {[%emt 0:00:00]} Bg6 {[%emt 0:00:14]} 6. Nh3 {[%emt 0:00:00]} h6 {[%emt 0:05:11]} 7. Nf4 {[%emt 0:00:00]} Bh7 {[%emt 0:00:13]} 8. Bc4 {[%emt 0:00:19]} e6 {[%emt 0:02:27] B18: Classical Caro-Kann: 4...Bf5 sidelines} (8... Nf6 9. O-O Na6 10. c3 Nc7 11. Qb3 e6 12. Qxb7 Qd7 13. Ngh5 Nfd5 14. Nxd5 cxd5 15. Bb5 Qxb5 16. Qxc7 Qb6 {1-0 (46) Lugovskoy,M (2489)-Mikhailov,S (2304) Taganrog 2016}) 9. O-O {[%emt 0:00:08]} Nf6 {[%emt 0:04:13]} 10. Re1 {[%emt 0:00:07]} Nd5 {[%emt 0:02:49]} 11. Bxd5 {[%emt 0:00:31]} cxd5 {[%emt 0:00:08]} 12. Qh5 {[%emt 0:00:04]} g6 {[%emt 0:04:38]} 13. Qe5 {[%emt 0:03:55]} Rg8 {[%emt 0:07:04]} 14. Qxd5 {[%emt 0:10:31]} Qxd5 {[%emt 0:03:14]} 15. Nxd5 {[%emt 0:00:05]} Kd8 {[%emt 0:01:29]} 16. Nf6 {[%emt 0:00:21]} Rh8 {[%emt 0:00:45]} 17. d5 $146 {[%emt 0:03:50]} Bg7 {[%emt 0:09:23]} 18. Nxh7 {[%emt 0:00:52]} ({Less strong is} 18. dxe6 Bxf6 19. Bxh6 Ke7 $14) 18... Rxh7 {[%emt 0:00:14]} 19. dxe6 {[%emt 0:00:06]} fxe6 {[%emt 0:00:33]} 20. Rxe6 {[%emt 0:00:09]} g5 {[%emt 0:01:59]} 21. Nf5 {[%emt 0:04:03]} Bf8 {[%emt 0:04:32]} 22. Bd2 {[%emt 0:02:01]} Nd7 {[%emt 0:02:07]} 23. Rae1 {[%emt 0:01:01]} Kc7 {[%emt 0:01:57]} 24. Nd4 {[%emt 0:00:48]} Rd8 $2 {[%emt 0:02:43]} (24... b6 {was worth a try.} 25. f4 gxf4 26. Bxf4+ Kb7) 25. R6e2 {[%emt 0:04:39]} (25. Nb5+ $142 Kb8 26. Re8) 25... Kb8 {[%emt 0:03:16]} 26. Ne6 {[%emt 0:00:45]} Rc8 {[%emt 0:01:30]} 27. Nxf8 {[%emt 0:07:28]} Nxf8 {[%emt 0:01:14]} 28. Bb4 {[%emt 0:01:46]} b6 {[%emt 0:03:07]} 29. Re8 {[%emt 0:01:39]} Ng6 {[%emt 0:01:59]} 30. g3 {[%emt 0:02:38]} Nh8 {[%emt 0:02:35]} 31. Bd6+ {[%emt 0:02:32]} Kb7 {[%emt 0:00:13]} 32. c3 {[%emt 0:00:52]} Rxe8 {[%emt 0:03:00]} 33. Rxe8 {[%emt 0:00:07]} Nf7 {[%emt 0:00:19]} (33... Rd7 {keeps fighting.} 34. Ba3 Nf7) 34. Re7+ {[%emt 0:02:20]} Ka6 {[%emt 0:00:43]} 35. c4 {[%emt 0:01:27]} Rg7 {[%emt 0:01:22]} 36. b4 $18 {[%emt 0:01:33]} 1-0

[Event "FRA-ch Youth U20 2018"]
[Site "Agen"]
[Date "2018.04.22"]
[Round "9"]
[White "Leriche, Ines"]
[Black "Terrazzoni, Claire"]
[Result "1-0"]
[WhiteElo "1913"]
[BlackElo "1819"]
[Annotator "NA RC"]
[PlyCount "155"]
[EventDate "2018.??.??"]
[EventType "swiss"]
[EventCountry "FRA"]
[SourceTitle "playchess.com"]
[Source "ChessBase"]
[SourceQuality "1"]
[TimeControl "5400+30"]

{[%evp 20,155,26,11,32767,32767,19,1,21,17,15,32767,32767,-13,21,9,53,66,77,81,87,31,32767,32767,66,32767,32767,32767,66,76,78,81,131,40,32767,230,32767,123,32767,32767,32767,32767,32767,32767,32767,32767,32767,32767,32767,32767,104,32767,32767,32767,32767,32767,32767,0,32767,32767,32767,32767,32767,32767,32767,32767,32767,32767,32767,32767,32767,32767,32767,32767,89,32767,32767,32767,32767,32767,32767,32767,32767,32767,32767,65,52,50,121,102,91,65,108,58,84,92,32767,259,278,480,552,32767,1290,565,473,764,533,32767,32767,1754,32767,32767,1563,1356,1873,1710,1045,8563,355,6484,300,397,29942,6111,29967,29972,12843,29981,349,29985,29985,12845,29983,29985,29985,29987,29989,29990]} 1. d4 {[%emt 0:00:00]} d5 {[%emt 0:00:07]} 2. c4 {[%emt 0:00:34]} e6 {[%emt 0:00:06]} 3. Nc3 {[%emt 0:00:07]} Nf6 {[%emt 0:00:11]} 4. cxd5 {[%emt 0:00:15]} exd5 {[%emt 0:00:22]} 5. Bg5 {[%emt 0:00:16]} Be7 {[%emt 0:00:14]} 6. e3 {[%emt 0:00:39]} c6 {[%emt 0:00:13]} 7. Bd3 {[%emt 0:00:31]} O-O {[%emt 0:00:25]} 8. h3 {[%emt 0:03:09]} Nbd7 {[%emt 0:03:17]} 9. Nf3 {[%emt 0:00:19]} Re8 {[%emt 0:06:17]} 10. O-O {[%emt 0:00:17]} Ne4 {[%emt 0:03:28]} 11. Bf4 {[%emt 0:01:26]} Ndf6 {[%emt 0:02:55]} 12. Qc2 {[%emt 0:04:37]} Bd6 {[%emt 0:02:08] D36: Queen's Gambit Declined: Exchange Variation: Main line (5 Bg5 c6 6 Qc2)} 13. Bxd6 {[%emt 0:17:37]} Qxd6 {[%emt 0:02:56]} (13... Nxd6 14. b4 Nfe4 15. Ne5 Nxc3 16. Qxc3 Bf5 17. Bxf5 Nxf5 18. b5 cxb5 19. Qb3 f6 20. Nd3 {0-1 (38) Eljanov,P (2707)-Kryvoruchko,Y (2659) Kiev 2013}) 14. Ne5 {[%emt 0:12:56]} Nxc3 {[%emt 0:05:11]} 15. bxc3 {[%emt 0:06:35]} Be6 $146 {[%emt 0:06:41]} ({Predecessor:} 15... c5 16. Qb2 b6 17. a4 Bd7 18. Qa3 Qc7 19. f4 c4 20. Bc2 {0-1 (47) Cajzler,H (2189)-Dvornic,M (2314) Nasice 2012}) 16. c4 {[%emt 0:07:54]} dxc4 {[%emt 0:07:49]} 17. Bxc4 {[%emt 0:00:31]} a6 {[%emt 0:05:03]} 18. Rab1 {[%emt 0:05:28]} b5 {[%emt 0:11:34]} 19. Bxe6 {[%emt 0:03:16]} Rxe6 {[%emt 0:02:40]} 20. Rbc1 {[%emt 0:04:58]} Rc8 {[%emt 0:01:16]} 21. Nd3 {[%emt 0:02:27]} a5 {[%emt 0:03:50]} 22. Qc5 {[%emt 0:15:42]} Ne4 {[%emt 0:06:29]} 23. Qxd6 {[%emt 0:02:59]} Rxd6 {[%emt 0:00:51]} 24. Rc2 {[%emt 0:03:54]} b4 {[%emt 0:03:54]} 25. Rfc1 {[%emt 0:00:55]} f6 {[%emt 0:05:39]} 26. f3 {[%emt 0:01:29]} (26. a3 $16) 26... Ng3 {[%emt 0:07:17]} 27. Kf2 {[%emt 0:00:36]} Nf5 {[%emt 0:00:40]} 28. g4 {[%emt 0:00:56]} (28. Rc5 $18 Nxe3 29. Kxe3) 28... Ne7 {[%emt 0:01:20]} 29. Nc5 {[%emt 0:01:40]} Rc7 {[%emt 0:03:19]} 30. Na4 {[%emt 0:01:10]} Rd5 {[%emt 0:03:39]} 31. Rc4 {[%emt 0:01:03]} Rb5 {[%emt 0:02:05]} 32. e4 {[%emt 0:01:07]} Rd7 {[%emt 0:00:45]} 33. Ke3 {[%emt 0:00:29]} Kf7 {[%emt 0:01:04]} 34. Rc5 {[%emt 0:00:31]} Rd8 {[%emt 0:01:42]} 35. Kd3 {[%emt 0:00:35]} b3 {[%emt 0:00:48]} 36. axb3 {[%emt 0:00:20]} Rxb3+ {[%emt 0:00:07]} 37. R1c3 {[%emt 0:00:30]} Rb1 {[%emt 0:00:43]} 38. Rc1 {[%emt 0:00:39]} Rb3+ {[%emt 0:00:12]} 39. R5c3 {[%emt 0:00:30]} Rb4 {[%emt 0:00:18]} 40. Rc4 {[%emt 0:00:20]} Rb3+ {[%emt 0:00:29]} 41. Nc3 {[%emt 0:00:38]} Rb7 {[%emt 0:02:05]} 42. Ra1 {[%emt 0:00:30]} Ra8 {[%emt 0:00:18]} 43. Rca4 {[%emt 0:00:32]} Rba7 {[%emt 0:00:24]} 44. Nd1 {[%emt 0:00:31]} Nc8 {[%emt 0:00:33]} 45. Nb2 {[%emt 0:00:30]} Nb6 {[%emt 0:00:20]} 46. R4a3 {[%emt 0:00:17]} Ke6 {[%emt 0:00:32]} 47. Nc4 {[%emt 0:00:39]} Nxc4 {[%emt 0:00:26]} 48. Kxc4 {[%emt 0:00:02]} Kd6 {[%emt 0:00:12]} 49. Ra4 {[%emt 0:00:44]} g5 {[%emt 0:00:52]} 50. h4 h6 {[%emt 0:00:37]} 51. hxg5 {[%emt 0:01:10]} hxg5 {[%emt 0:00:11]} 52. Rh1 {[%emt 0:00:37]} Rf7 {[%emt 0:01:20]} 53. Rh6 {[%emt 0:00:25]} Kc7 {[%emt 0:00:33]} (53... c5 $11 {keeps the balance.}) 54. Kc5 {[%emt 0:00:25]} Ra6 {[%emt 0:00:19]} 55. Rh1 {[%emt 0:00:31]} Kd8 {[%emt 0:00:38]} 56. Rha1 {[%emt 0:00:27]} Rfa7 {[%emt 0:00:11]} 57. Rb1 {[%emt 0:00:30]} Kc7 {[%emt 0:00:20] [#]} 58. Rh1 $1 {[%emt 0:00:28]} Kd8 {[%emt 0:00:59]} 59. Rh8+ {[%emt 0:00:15]} Kd7 {[%emt 0:00:24]} 60. Rh7+ {[%emt 0:00:33]} Ke6 {[%emt 0:00:37]} 61. Rxa7 {[%emt 0:00:42]} (61. d5+ $142 Ke5 62. Rxa7 Rxa7 63. dxc6) 61... Rxa7 {[%emt 0:00:04]} 62. Kxc6 {[%emt 0:00:13]} Ra8 {[%emt 0:00:18]} 63. d5+ {[%emt 0:00:33]} Ke5 {[%emt 0:00:41]} 64. Kb7 {[%emt 0:00:45]} Rh8 {[%emt 0:00:30]} 65. Rxa5 {[%emt 0:00:17]} Rh1 {[%emt 0:00:34]} 66. Kc6 {[%emt 0:00:17]} Rc1+ {[%emt 0:00:35]} 67. Rc5 {[%emt 0:00:10]} (67. Kd7 $142 Kf4 68. d6 Kxf3 69. Ke7) 67... Rd1 {[%emt 0:00:18]} 68. d6+ {[%emt 0:00:37]} Ke6 {[%emt 0:00:11]} 69. Rd5 {[%emt 0:01:12]} Rc1+ {[%emt 0:00:12]} 70. Kb6 {[%emt 0:00:32]} Rb1+ $2 {[%emt 0:00:23]} (70... Kd7 $18 71. e5 fxe5 72. Rxe5 Rc6+ 73. Kb5 Rc3 74. Rxg5 Rxf3) 71. Kc7 {[%emt 0:00:24]} Rc1+ {[%emt 0:00:28]} 72. Kd8 {[%emt 0:00:26]} Ra1 {[%emt 0:00:45]} 73. d7 {[%emt 0:00:42]} Ra8+ {[%emt 0:00:57]} 74. Kc7 {[%emt 0:00:06]} Ra7+ {[%emt 0:00:13]} 75. Kc8 {[%emt 0:00:11]} Ra8+ {[%emt 0:00:15] [#]} 76. Kb7 {[%emt 0:00:13]} Rd8 {[%emt 0:00:25]} 77. Kc7 {[%emt 0:00:10]} Ke7 {[%emt 0:00:35]} 78. Rd6 {[%emt 0:00:21]} 1-0

[Event "FRA-ch Youth U20 2018"]
[Site "Agen"]
[Date "2018.04.22"]
[Round "9"]
[White "Bartels, Karina"]
[Black "Fretel, Liza"]
[Result "0-1"]
[WhiteElo "1702"]
[BlackElo "1849"]
[Annotator "NA RC"]
[PlyCount "104"]
[EventDate "2018.??.??"]
[EventType "swiss"]
[EventCountry "FRA"]
[SourceTitle "playchess.com"]
[Source "ChessBase"]
[SourceQuality "1"]
[TimeControl "5400+30"]

1. b3 {[%emt 0:00:00]} Nf6 {[%emt 0:01:45]} 2. Bb2 {[%emt 0:00:00]} d5 {[%emt 0:01:20]} 3. e3 {[%emt 0:00:29]} Bf5 {[%emt 0:00:39]} 4. f4 {[%emt 0:03:28]} e6 {[%emt 0:02:18]} 5. Nf3 {[%emt 0:00:25]} Be7 {[%emt 0:01:26]} 6. Be2 {[%emt 0:02:47]} O-O {[%emt 0:01:11]} 7. O-O {[%emt 0:07:05] LiveBook: 4 Games A03: Bird's Opening with 1...d5} c5 {[%emt 0:01:22]} 8. Nh4 {[%emt 0:08:46]} (8. h3 Nc6 9. d3 Bg6 10. g4 Nd7 11. Nbd2 f5 12. g5 e5 13. h4 d4 14. fxe5 dxe3 {0-1 (49) Nepomniachtchi,I (2714)-Tomashevsky,E (2714) Sochi 2014}) 8... Be4 {[%emt 0:01:17]} 9. d3 {[%emt 0:02:44]} Ne8 $146 {[%emt 0:01:31]} (9... Bg6 $11) ({Predecessor:} 9... Bf5 10. Nd2 Nc6 11. Nhf3 Ng4 12. Re1 Nxe3 13. Qc1 Nb4 14. Bd1 d4 {0-1 (43) Liscinska,L (1720)-Cabanova,K (1592) Liptovsky Mikulas 2017}) 10. Nf3 {[%emt 0:06:10]} (10. dxe4 $16 Bxh4 11. g3) 10... Bf5 {[%emt 0:01:51]} 11. h3 {[%emt 0:02:52]} Nd6 {[%emt 0:02:48]} 12. g4 {[%emt 0:03:35]} Bg6 {[%emt 0:01:17]} 13. Ne5 {[%emt 0:01:10]} f6 {[%emt 0:00:15]} 14. Nxg6 {[%emt 0:00:17]} hxg6 {[%emt 0:00:05]} 15. Nd2 {[%emt 0:00:51]} Kf7 {[%emt 0:03:54]} (15... Nf7 $11 {keeps the balance.}) 16. Bf3 {[%emt 0:02:32]} Rh8 {[%emt 0:00:33]} 17. Bg2 {[%emt 0:00:08]} Nc6 {[%emt 0:02:11]} 18. Nf3 {[%emt 0:02:52]} Qg8 {[%emt 0:06:01] [#]} 19. Kf2 {[%emt 0:11:37]} (19. Ne5+ $1 $16 {[%mdl 512]} fxe5 20. fxe5+ Ke8 21. exd6 Bxd6 22. c4) 19... Ke8 $16 {[%emt 0:02:36]} 20. Qe2 {[%emt 0:10:07]} Kd7 {[%emt 0:04:13]} 21. Kg1 {[%emt 0:03:59]} Re8 {[%emt 0:05:31]} 22. Rfd1 {[%emt 0:01:27]} Kc8 {[%emt 0:00:59]} 23. c4 {[%emt 0:00:53]} Kb8 {[%emt 0:01:29]} 24. Rac1 {[%emt 0:04:22]} Bd8 {[%emt 0:05:06]} 25. d4 {[%emt 0:03:13]} cxd4 {[%emt 0:05:02]} 26. exd4 {[%emt 0:00:21]} Bc7 {[%emt 0:03:34]} 27. a3 {[%emt 0:03:54]} Ne4 {[%emt 0:01:41]} 28. Qe3 {[%emt 0:00:26]} g5 {[%emt 0:06:31]} 29. fxg5 {[%emt 0:00:47]} f5 {[%emt 0:00:12]} 30. gxf5 {[%emt 0:01:21]} exf5 {[%emt 0:00:18]} 31. Nd2 {[%emt 0:02:11]} Ng3 {[%emt 0:01:25]} 32. Qf3 {[%emt 0:01:33]} Ne2+ {[%emt 0:03:09]} 33. Kh1 {[%emt 0:00:37]} Nxc1 {[%emt 0:09:40]} 34. cxd5 {[%emt 0:00:30]} Ne2 {[%emt 0:01:46]} 35. dxc6 {[%emt 0:00:44]} Qe6 {[%emt 0:01:48]} 36. d5 {[%emt 0:01:33]} Qd6 {[%emt 0:00:24]} 37. Nf1 {[%emt 0:00:37]} Rh4 {[%emt 0:04:39]} 38. Re1 {[%emt 0:03:10]} Rf4 {[%emt 0:02:45]} 39. Rxe2 {[%emt 0:00:48]} Ree4 {[%emt 0:04:04]} 40. Rxe4 {[%emt 0:04:47]} fxe4 {[%emt 0:00:17]} 41. Qe2 {[%emt 0:00:20]} e3 {[%emt 0:03:06]} 42. Bf3 {[%emt 0:02:32]} bxc6 {[%emt 0:01:41]} 43. dxc6 {[%emt 0:00:53]} Qe6 {[%emt 0:02:11]} 44. Qg2 {[%emt 0:00:58]} Qe7 {[%emt 0:01:50]} 45. Bc1 {[%emt 0:00:36]} Rxf3 {[%emt 0:01:24]} 46. Qxf3 {[%emt 0:00:39]} e2 {[%emt 0:00:07]} 47. Bd2 {[%emt 0:00:44]} exf1=Q+ {[%emt 0:01:32]} 48. Qxf1 {[%emt 0:00:02]} Qe4+ {[%emt 0:00:49]} 49. Qg2 {[%emt 0:00:15]} Qb1+ {[%emt 0:00:29]} 50. Qg1 {[%emt 0:00:10]} Qxb3 {[%emt 0:00:31]} 51. Qc1 {[%emt 0:01:52]} Qxh3+ {[%emt 0:00:32]} 52. Kg1 {[%emt 0:00:26]} Bb6+ 0-1